[Event "Primorsko op"]
[Site "Primorsko"]
[Date "2020.09.22"]
[Round "9"]
[White "Mitev, Valentin"]
[Black "Stoynov, Stefan"]
[Result "1-0"]
[WhiteElo "2194"]
[BlackElo "1897"]
[PlyCount "32"]
[EventDate "2020.09.14"]
[EventType "swiss"]
[EventRounds "9"]
[EventCountry "BUL"]
[SourceTitle "CBM 198 Extra"]
[Source "ChessBase"]
[SourceDate "2020.11.30"]
[SourceVersion "1"]
[SourceVersionDate "2020.11.30"]
[SourceQuality "1"]

1. d4 b5 2. e4 Bb7 3. Bd3 g6 4. Nf3 Bg7 5. 0-0 a6 6. Nbd2 d6 7. a4 bxa4 8. Rxa4 Nd7 9. Qe2 Qc8 10. Nb3 c5 11. dxc5 dxc5 12. Na5 Nb6 13. Ra3 c4 14. Bxc4 Nf6 15. Rc3 Qd7 16. Bxf7+ Kxf7 1-0

[Event "Primorsko op"]
[Site "Primorsko"]
[Date "2020.09.18"]
[Round "5"]
[White "Gromovs, Sergejs"]
[Black "Stoynov, Stefan"]
[Result "0-1"]
[WhiteElo "2198"]
[BlackElo "1897"]
[PlyCount "82"]
[EventDate "2020.09.14"]
[EventType "swiss"]
[EventRounds "9"]
[EventCountry "BUL"]
[SourceTitle "CBM 198 Extra"]
[Source "ChessBase"]
[SourceDate "2020.11.30"]
[SourceVersion "1"]
[SourceVersionDate "2020.11.30"]
[SourceQuality "1"]

1. e4 c5 2. Nf3 d6 3. d4 cxd4 4. Nxd4 Nf6 5. Nc3 a6 6. Bg5 e6 7. f4 h6 8. Bh4 Qb6 9. Qd2 Nc6 10. Bxf6 gxf6 11. 0-0-0 Qxd4 12. Qxd4 Nxd4 13. Rxd4 Bd7 14. Be2 Bc6 15. Rhd1 h5 16. Kb1 0-0-0 17. g3 Bg7 18. f5 Bf8 19. Bc4 Re8 20. a4 exf5 21. exf5 Re5 22. Bxf7 Kc7 23. Be6 h4 24. Rxh4 Rxh4 25. gxh4 b5 26. axb5 axb5 27. Rg1 b4 28. Na2 Re4 29. h5 Kb6 30. Nc1 Bh6 31. Nd3 Rh4 32. Rg6 Bg5 33. h3 Be4 34. Nxb4 Bxf5 35. Bxf5 Rxb4 36. Bg4 Kc5 37. h6 Rb8 38. h7 Rh8 39. Rxg5+ fxg5 40. Bf5 Kd4 41. c3+ Ke5 0-1

[Event "Albena op-A"]
[Site "Albena"]
[Date "2016.06.20"]
[Round "3"]
[White "Sobolevsky, Leonid"]
[Black "Stoynov, Stefan"]
[Result "1-0"]
[WhiteElo "2223"]
[BlackElo "2039"]
[PlyCount "46"]
[EventDate "2016.06.18"]
[EventType "swiss"]
[EventRounds "9"]
[EventCountry "BUL"]
[SourceTitle "CBM 173 Extra"]
[Source "ChessBase"]
[SourceDate "2016.08.29"]
[SourceVersion "1"]
[SourceVersionDate "2016.08.29"]
[SourceQuality "1"]

1. e4 c5 2. Nf3 d6 3. d4 cxd4 4. Nxd4 Nf6 5. Nc3 a6 6. Bg5 e6 7. Qf3 Nbd7 8. Be2 Qc7 9. 0-0 b5 10. a3 Bb7 11. Bd3 Be7 12. Qh3 Nc5 13. Rae1 h6 14. Kh1 0-0 15. Bxh6 gxh6 16. Qxh6 Nxd3 17. cxd3 Nh7 18. Re3 Bg5 19. Rg3 e5 20. Nf3 f6 21. h4 Rfe8 22. hxg5 f5 23. g6 Nf6 1-0

[Event "Albena op-A"]
[Site "Albena"]
[Date "2016.06.18"]
[Round "1"]
[White "Ivanov, Jordan"]
[Black "Stoynov, Stefan"]
[Result "1-0"]
[WhiteElo "2330"]
[BlackElo "2039"]
[PlyCount "81"]
[EventDate "2016.06.18"]
[EventType "swiss"]
[EventRounds "9"]
[EventCountry "BUL"]
[SourceTitle "CBM 173 Extra"]
[Source "ChessBase"]
[SourceDate "2016.08.29"]
[SourceVersion "1"]
[SourceVersionDate "2016.08.29"]
[SourceQuality "1"]

1. Nf3 d5 2. c4 e6 3. d4 c5 4. e3 Nc6 5. Nc3 Nf6 6. cxd5 exd5 7. Be2 Be7 8. 0-0 0-0 9. dxc5 Bxc5 10. b3 Be6 11. Bb2 Qe7 12. Rc1 Ba3 13. Qc2 Bxb2 14. Qxb2 Rac8 15. Rfd1 Rfd8 16. Nb5 Ne4 17. Nfd4 Qf6 18. f3 Nd6 19. Nxd6 Rxd6 20. Qa3 Qe5 21. Kf2 g5 22. g3 Bh3 23. Nxc6 bxc6 24. Qxa7 Qb2 25. Qc5 Rcd8 26. Rc2 Qf6 27. Qd4 Qh6 28. Rc3 Re8 29. Rdc1 Rf6 30. Kg1 Bf5 31. Qb6 Bd7 32. b4 g4 33. f4 Qh5 34. Qa7 Rd6 35. Qc7 Ree6 36. Bd3 Kg7 37. Qa7 Rh6 38. Qd4+ Rhf6 39. a4 Bf5 40. Rxc6 Rde6 41. Rxe6 1-0

[Event "BUL-ch sf 80th"]
[Site "Plovdiv"]
[Date "2016.02.12"]
[Round "6"]
[White "Galunova, Tsveta"]
[Black "Stoynov, Stefan"]
[Result "0-1"]
[WhiteElo "2169"]
[BlackElo "2086"]
[PlyCount "74"]
[EventDate "2016.02.08"]
[EventType "swiss"]
[EventRounds "9"]
[EventCountry "BUL"]
[SourceTitle "CBM 170 Extra"]
[Source "ChessBase"]
[SourceDate "2016.02.25"]
[SourceVersion "1"]
[SourceVersionDate "2016.02.25"]
[SourceQuality "1"]

1. d4 d5 2. c4 e6 3. Nf3 c5 4. cxd5 exd5 5. Nc3 Nc6 6. Bg5 Be7 7. Bxe7 Ngxe7 8. dxc5 0-0 9. e3 Qa5 10. Be2 Qxc5 11. 0-0 Be6 12. Rc1 Qb4 13. Qd2 Rad8 14. a3 Qa5 15. b4 Qxa3 16. Rb1 d4 17. Nxd4 Nxd4 18. exd4 Bf5 19. Nb5 Qa6 20. Ra1 Qb6 21. Rxa7 Nc6 22. Raa1 Rfe8 23. Bc4 Nxd4 24. Nxd4 Rxd4 25. Qa2 Qg6 26. Rfe1 Red8 27. Qb3 Be4 28. g3 h5 29. Rad1 Qf5 30. Rxd4 Rxd4 31. Qc3 Qf6 32. Qb3 h4 33. Rd1 hxg3 34. fxg3 Kh7 35. Rf1 Qb6 36. Qe3 f5 37. b5 Rd2 0-1

[Event "BUL-ch sf 80th"]
[Site "Plovdiv"]
[Date "2016.02.09"]
[Round "2"]
[White "Stoynov, Stefan"]
[Black "Vutov, M Mario"]
[Result "0-1"]
[WhiteElo "2086"]
[BlackElo "2356"]
[PlyCount "98"]
[EventDate "2016.02.08"]
[EventType "swiss"]
[EventRounds "9"]
[EventCountry "BUL"]
[SourceTitle "CBM 170 Extra"]
[Source "ChessBase"]
[SourceDate "2016.02.25"]
[SourceVersion "1"]
[SourceVersionDate "2016.02.25"]
[SourceQuality "1"]

1. Nf3 c5 2. c3 Nf6 3. d4 e6 4. Bf4 Be7 5. h3 b6 6. e3 Bb7 7. Nbd2 0-0 8. Bd3 d5 9. Qe2 Ne4 10. 0-0 Nd7 11. Ba6 Bxa6 12. Qxa6 Ndf6 13. Rfd1 Qc8 14. Qxc8 Rfxc8 15. Nxe4 dxe4 16. Nd2 cxd4 17. exd4 Nd5 18. Bh2 f5 19. Be5 Bf6 20. Bxf6 gxf6 21. g3 Kf7 22. Kf1 e3 23. Nf3 b5 24. Rac1 Rc6 25. Ke2 Rg8 26. Rg1 exf2 27. Kxf2 Rgc8 28. Nd2 e5 29. dxe5 fxe5 30. Rce1 Re8 31. Nf3 Kf6 32. Rd1 Nb6 33. g4 f4 34. g5+ Kf7 35. Rg4 Re7 36. Re1 Nc4 37. Re4 Nxb2 38. Ke2 Nc4 39. Kd3 Rd6+ 40. Ke2 Ra6 41. Rh4 Rxa2+ 42. Ke1 Ke8 43. Rh6 Rc2 44. Nh4 Rd7 45. g6 Rdd2 46. Rxc4 Rh2 47. Rc8+ Kd7 48. Kd1 Ra2 49. Rxh7+ Kxc8 0-1

[Event "BUL-chT2 64th"]
[Site "Sunny Beach"]
[Date "2015.06.01"]
[Round "2.4"]
[White "Tsolov, Emil"]
[Black "Stoynov, Stefan"]
[Result "1-0"]
[WhiteElo "1934"]
[BlackElo "2097"]
[PlyCount "137"]
[EventDate "2015.05.31"]
[EventType "team-swiss"]
[EventRounds "7"]
[EventCountry "BUL"]
[SourceTitle "CBM 166 Extra"]
[Source "ChessBase"]
[SourceDate "2015.06.18"]
[SourceVersion "1"]
[SourceVersionDate "2015.06.18"]
[SourceQuality "1"]
[WhiteTeam "Kozloduy Radetski"]
[BlackTeam "Veliko Tarnovo Etar"]
[WhiteTeamCountry "BUL"]
[BlackTeamCountry "BUL"]

1. c4 e6 2. Nc3 d5 3. e3 Nf6 4. g3 Be7 5. Bg2 0-0 6. b3 c6 7. Nf3 Nbd7 8. d4 b5 9. 0-0 bxc4 10. bxc4 Ba6 11. Nd2 Qa5 12. Qc2 Nb6 13. Nb3 Qb4 14. a3 Qxc4 15. Rd1 Na4 16. Bd2 Nxc3 17. Bxc3 Qa4 18. Rdc1 Rac8 19. Bb4 Rfe8 20. Nc5 Qxc2 21. Rxc2 Bc4 22. Bf1 Bxf1 23. Kxf1 Kf8 24. Rac1 Red8 25. Na6 Bxb4 26. axb4 Ne4 27. b5 Nd6 28. Rxc6 Nc4 29. Ke2 Ke7 30. Nb4 Kd7 31. Ra6 Rc7 32. Nc6 Nd6 33. Ne5+ Kc8 34. Rxc7+ Kxc7 35. Rxa7+ Nb7 36. Nxf7 Rd7 37. Ng5 Re7 38. Nxh7 e5 39. Kd3 e4+ 40. Ke2 Kb6 41. Ra6+ Kxb5 42. Rg6 Na5 43. Ng5 Nb3 44. Ne6 Nc1+ 45. Kf1 Nd3 46. Nf4 Nb4 47. h4 Kc4 48. Kg2 Ra7 49. g4 Kc3 50. h5 Kd2 51. Rb6 Nd3 52. Nxd5 Rf7 53. Nf4 Nxf4+ 54. exf4 Rxf4 55. Rg6 Rf7 56. Re6 Kd3 57. d5 Rf4 58. Kg3 Rf3+ 59. Kh4 Rxf2 60. d6 Rf8 61. d7 Rd8 62. Re7 e3 63. Rxg7 Ke4 64. Kg3 e2 65. Re7+ Kd3 66. h6 Kd2 67. h7 Ke1 68. Kg2 Rxd7 69. Rxe2+ 1-0

[Event "Albena Masters op"]
[Site "Albena"]
[Date "2014.06.05"]
[Round "5"]
[White "Stoynov, Stefan"]
[Black "Georgescu, Tiberiu Marian"]
[Result "0-1"]
[WhiteElo "2102"]
[BlackElo "2493"]
[PlyCount "54"]
[EventDate "2014.06.01"]
[EventType "swiss"]
[EventRounds "9"]
[EventCountry "BUL"]
[SourceTitle "CBM 160 Extra"]
[Source "ChessBase"]
[SourceDate "2014.07.01"]
[SourceVersion "1"]
[SourceVersionDate "2014.07.01"]
[SourceQuality "1"]

1. d4 Nf6 2. c4 e6 3. Nf3 d5 4. e3 Be7 5. Bd3 0-0 6. 0-0 c5 7. cxd5 exd5 8. Bd2 Bg4 9. h3 Bh5 10. dxc5 Bxc5 11. b4 Bd6 12. a3 Nc6 13. Bc3 Rc8 14. Ra2 Ne4 15. Ba1 Bb8 16. Bxe4 dxe4 17. Qxd8 Rfxd8 18. Nd4 Nxd4 19. Bxd4 f5 20. f3 exf3 21. gxf3 f4 22. Rg2 Bg6 23. Rd2 fxe3 24. Bxe3 Rxd2 25. Bxd2 Rc2 26. f4 Bf5 27. Rf3 Rb2 0-1

[Event "BUL-ch sf 78th"]
[Site "Plovdiv"]
[Date "2014.02.16"]
[Round "9"]
[White "Dimov, Dian"]
[Black "Stoynov, Stefan"]
[Result "1/2-1/2"]
[WhiteElo "2262"]
[BlackElo "2097"]
[PlyCount "61"]
[EventDate "2014.02.10"]
[EventType "swiss"]
[EventRounds "9"]
[EventCountry "BUL"]
[SourceTitle "CBM 158 Extra"]
[Source "ChessBase"]
[SourceDate "2014.02.28"]
[SourceVersion "1"]
[SourceVersionDate "2014.02.28"]
[SourceQuality "1"]

1. e4 e5 2. Nf3 Nf6 3. Nxe5 d6 4. Nf3 Nxe4 5. d3 Nf6 6. Qe2+ Qe7 7. Bg5 Qxe2+ 8. Bxe2 Be7 9. 0-0 Bg4 10. Nc3 Nc6 11. Rfe1 0-0-0 12. h3 Bxf3 13. Bxf3 Rde8 14. Bxc6 bxc6 15. Re2 h6 16. Bd2 Nd7 17. Rae1 Kd8 18. b3 Bf6 19. Rxe8+ Rxe8 20. Kf1 Rxe1+ 21. Kxe1 h5 22. Ke2 Ke7 23. g4 hxg4 24. hxg4 g6 25. f4 d5 26. Kf3 Bxc3 27. Bxc3 f5 28. gxf5 gxf5 29. a4 c5 30. Ba5 c6 31. Bc7 1/2-1/2

[Event "BUL-ch sf 78th"]
[Site "Plovdiv"]
[Date "2014.02.14"]
[Round "7"]
[White "Drenchev, Petar"]
[Black "Stoynov, Stefan"]
[Result "1-0"]
[WhiteElo "2491"]
[BlackElo "2097"]
[PlyCount "29"]
[EventDate "2014.02.10"]
[EventType "swiss"]
[EventRounds "9"]
[EventCountry "BUL"]
[SourceTitle "CBM 158 Extra"]
[Source "ChessBase"]
[SourceDate "2014.02.28"]
[SourceVersion "1"]
[SourceVersionDate "2014.02.28"]
[SourceQuality "1"]

1. d4 d5 2. c4 c6 3. Nf3 Nf6 4. Nc3 dxc4 5. a4 Bf5 6. Ne5 c5 7. e4 Bxe4 8. Bxc4 e6 9. Nxe4 Nxe4 10. Bb5+ Ke7 11. Qf3 Qxd4 12. Qxf7+ Kd8 13. Nc4 a6 14. Be3 Qxb2 15. Nxb2 1-0

[Event "BUL-ch sf 78th"]
[Site "Plovdiv"]
[Date "2014.02.12"]
[Round "4"]
[White "Stoynov, Stefan"]
[Black "Stankov, Apostol"]
[Result "1-0"]
[WhiteElo "2097"]
[BlackElo "1915"]
[PlyCount "129"]
[EventDate "2014.02.10"]
[EventType "swiss"]
[EventRounds "9"]
[EventCountry "BUL"]
[SourceTitle "CBM 158 Extra"]
[Source "ChessBase"]
[SourceDate "2014.02.28"]
[SourceVersion "1"]
[SourceVersionDate "2014.02.28"]
[SourceQuality "1"]

1. d4 Nf6 2. Nf3 g6 3. g3 Bg7 4. Bg2 0-0 5. 0-0 d5 6. c4 c6 7. h3 Ne4 8. cxd5 cxd5 9. Nc3 Nc6 10. Be3 e6 11. Rc1 Qa5 12. a3 Qb6 13. Na4 Qd8 14. b4 Bd7 15. Nc5 b6 16. Nxe4 dxe4 17. Ne5 Nxe5 18. dxe5 Bxe5 19. Bh6 Re8 20. Bxe4 Rc8 21. Qd3 Ba4 22. Rxc8 Qxc8 23. Rc1 Qd8 24. Qa6 Qd7 25. Bd3 Bb2 26. Rb1 Be5 27. b5 Qd6 28. Qxa4 Bxg3 29. Qe4 Bh2+ 30. Kh1 Be5 31. Rc1 Bb2 32. Qc6 Qe7 33. Bg5 Qf8 34. Rc4 Bxa3 35. Bf6 Bc5 36. Kg2 Rc8 37. Be7 Rxc6 38. Bxf8 Rc8 39. Bxc5 bxc5 40. Ra4 Rc7 41. Bc4 Kg7 42. Kf3 Kf6 43. Ke4 Rd7 44. e3 h5 45. Ra6 Kg5 46. Rc6 Kh4 47. Bf1 Rd1 48. Be2 Rd2 49. Kf3 Kxh3 50. Rxc5 f5 51. Bc4 g5 52. Bxe6 g4+ 53. Kf4 Rxf2+ 54. Kg5 Rf3 55. Kxh5 Rxe3 56. Bxf5 Ra3 57. Bxg4+ Kg3 58. Kg5 Ra5 59. Bc8 Kf3 60. Kf5 Ke3 61. Ke5 Kd3 62. Ba6 Ra4 63. b6+ Ke3 64. b7 Rb4 65. Bb5 1-0

[Event "Sofia MGU op 33rd"]
[Site "Sofia"]
[Date "2011.06.12"]
[Round "4"]
[White "Halldorsson, Jon Arni"]
[Black "Stoynov, Stefan"]
[Result "1-0"]
[WhiteElo "2214"]
[BlackElo "2110"]
[PlyCount "69"]
[EventDate "2011.06.11"]
[EventType "swiss"]
[EventRounds "6"]
[EventCountry "BUL"]
[SourceTitle "CBM 142 Extra"]
[Source "ChessBase"]
[SourceDate "2011.06.27"]
[SourceVersion "1"]
[SourceVersionDate "2011.06.27"]
[SourceQuality "1"]

1. d4 Nf6 2. Nf3 g6 3. c4 d5 4. Nc3 c6 5. Bf4 Bg7 6. e3 0-0 7. h3 Re8 8. Be2 dxc4 9. Bxc4 Nd5 10. Bh2 Qa5 11. Qb3 Be6 12. 0-0 Qb6 13. Nxd5 cxd5 14. Bxd5 Qxb3 15. Bxb3 Bxb3 16. axb3 Nc6 17. Rfc1 a6 18. Kf1 Rad8 19. Rc5 Bf8 20. Ne5 Nxe5 21. Bxe5 f6 22. Bc7 Rd7 23. Rc4 e6 24. Rac1 Rd5 25. Ke2 Rb5 26. R1c3 h5 27. e4 Re7 28. e5 Bg7 29. Bd6 Rd7 30. f4 fxe5 31. fxe5 Bf8 32. Rc8 Rf7 33. Rf3 Rxf3 34. gxf3 Rxb3 35. Rxf8+ 1-0

[Event "Sofia MGU op 33rd"]
[Site "Sofia"]
[Date "2011.06.12"]
[Round "6"]
[White "Petrov, Vladimir Sergeev"]
[Black "Stoynov, Stefan"]
[Result "0-1"]
[WhiteElo "1793"]
[BlackElo "2110"]
[PlyCount "58"]
[EventDate "2011.06.11"]
[EventType "swiss"]
[EventRounds "6"]
[EventCountry "BUL"]
[SourceTitle "CBM 142 Extra"]
[Source "ChessBase"]
[SourceDate "2011.06.27"]
[SourceVersion "1"]
[SourceVersionDate "2011.06.27"]
[SourceQuality "1"]

1. e4 e6 2. d4 c5 3. Nf3 cxd4 4. Nxd4 Nc6 5. c4 Bb4+ 6. Nc3 Nf6 7. Nxc6 bxc6 8. e5 Ne4 9. Qd4 Qa5 10. Bd2 Nxd2 11. Kxd2 0-0 12. Bd3 Bxc3+ 13. Qxc3 Qc5 14. Ke2 f6 15. f4 fxe5 16. Qxe5 Qe7 17. c5 a5 18. Be4 Ba6+ 19. Ke3 Bc4 20. Bxh7+ Kxh7 21. Qe4+ Rf5 22. Qxc4 Rb8 23. Qc2 Kg8 24. Rhd1 Rxc5 25. Rxd7 Qxd7 26. Qxc5 Rxb2 27. Qxa5 Rxg2 28. h4 Rg3+ 29. Kf2 Qd3 0-1